El protocolo de investigación : lineamientos para su elaboración y análisis / (Record no. 184625)
[ view plain ]
| 000 -CABECERA | |
|---|---|
| campo de control de longitud fija | 00819nam a2200241Ia 4500 |
| 001 - NÚMERO DE CONTROL | |
| campo de control | IA_5070,10/04/2013,12/04/2013,5232272011 mx aimn8222223322spa16," |
| 008 - DATOS DE LONGITUD FIJA--INFORMACIÓN GENERAL | |
| campo de control de longitud fija | 220117s xx 000 0 und d |
| 010 ## - NÚMERO DE CONTROL DE LA BIBLIOTECA DEL CONGRESO | |
| Número de control de LC | 184625 |
| 020 ## - NÚMERO INTERNACIONAL ESTÁNDAR DEL LIBRO | |
| Número Internacional Estándar del Libro | 978-968-24-4100-4 |
| 082 ## - NÚMERO DE LA CLASIFICACIÓN DECIMAL DEWEY | |
| Número de clasificación | 001.4 P76 1990 |
| 245 ## - MENCIÓN DE TÍTULO | |
| Título | El protocolo de investigación : lineamientos para su elaboración y análisis / |
| Mención de responsabilidad, etc. | Ignacio Méndez Ramírez...[et al.] |
| 250 ## - MENCIÓN DE EDICIÓN | |
| Mención de edición | 2a ed. |
| 260 ## - PUBLICACIÓN, DISTRIBUCIÓN, ETC. | |
| Lugar de publicación, distribución, etc. | México : |
| Nombre del editor, distribuidor, etc. | Trillas, |
| 300 ## - DESCRIPCIÓN FÍSICA | |
| Extensión | 210 p. |
| 503 ## - NOTA DE HISTORIA BIBLIOGRÁFICA (BK CF MU) [OBSOLETO] | |
| Nota de historia bibliográfica | C/e |
| 504 ## - NOTA DE BIBLIOGRAFÍA, ETC. | |
| Nota de bibliografía, etc. | Bibliografía: p. 203-204 |
| 590 ## - NOTA LOCAL (RLIN) | |
| Nota local | Q180 P76 1990 |
| 650 ## - PUNTO DE ACCESO ADICIONAL DE MATERIA--TÉRMINO DE MATERIA | |
| Término de materia o nombre geográfico como elemento de entrada | Documentación |
| 9 (RLIN) | 33172 |
| 650 ## - PUNTO DE ACCESO ADICIONAL DE MATERIA--TÉRMINO DE MATERIA | |
| Término de materia o nombre geográfico como elemento de entrada | Experimental design |
| 9 (RLIN) | 147260 |
| 650 ## - PUNTO DE ACCESO ADICIONAL DE MATERIA--TÉRMINO DE MATERIA | |
| Término de materia o nombre geográfico como elemento de entrada | Investigación |
| Subdivisión general | Metodología |
| 9 (RLIN) | 60237 |
| 650 ## - PUNTO DE ACCESO ADICIONAL DE MATERIA--TÉRMINO DE MATERIA | |
| Término de materia o nombre geográfico como elemento de entrada | Methodology |
| 9 (RLIN) | 147174 |
| 650 ## - PUNTO DE ACCESO ADICIONAL DE MATERIA--TÉRMINO DE MATERIA | |
| Término de materia o nombre geográfico como elemento de entrada | Research |
| 9 (RLIN) | 147181 |
No items available.
